Zásada verného a pravdivého zobrazenia skutočností a etika bakalárska práca

Na minha lista:
Detalhes bibliográficos
Autor principal: Véghová, Andrea
Autor Corporativo: Fakulta hospodárskej informatiky EU. Katedra účtovníctva a audítorstva
Outros Autores: Hunyady, Katarína
Formato: Livro
Idioma:eslovaco
Publicado em: Bratislava 2017
Tags: Adicionar Tag
Sem tags, seja o primeiro a adicionar uma tag!

MARC

LEADER 00000nbm a2200000 4500
001 0233104
005 20180412144135.7
041 0 |a slo 
044 |a SK 
245 1 0 |a Zásada verného a pravdivého zobrazenia skutočností a etika  |b bakalárska práca  |c Andrea Véghová ; školiteľ: Katarína Hunyady 
264 1 |a Bratislava  |c 2017 
300 |a 46 s. 
100 1 |a Véghová, Andrea 
700 1 |a Hunyady, Katarína 
710 2 |a Fakulta hospodárskej informatiky EU. Katedra účtovníctva a audítorstva